| 000 | 00683nam a22002177a 4500 | ||
|---|---|---|---|
| 999 |
_c20908 _d20908 |
||
| 003 | AR-CdUCM | ||
| 008 | 190402b ||||| |||| 00| 0 spa d | ||
| 040 |
_aMUNICIPALIDAD PROVINCIAL DEL CUSCO _cBIBLIOTECA MUNICIPAL DEL CUSCO |
||
| 082 |
_aEP / 376.16 / _bP46 |
||
| 100 |
_aPerrault, Carlos _943631 |
||
| 245 | _aLa bella durmiente del bosque / | ||
| 260 |
_bTor, _aBuenos Aires, _c1947. |
||
| 300 |
_bIlustraciones, _c34 cm. _a52 páginas ; |
||
| 440 |
_aColección Encanto _943632 |
||
| 505 | _aContenido : Cuento. | ||
| 650 |
_a Literatura infantil _9588 |
||
| 650 |
_aCuento. _94671 |
||
| 700 |
_aPalau, Ricardo (ilustración) _943633 |
||
| 942 |
_2ddc _cLIBROS |
||
| 945 | _arcc | ||